Arts of Living on a Damaged Planet: Ghosts and Monsters of the Anthropocene: Book Review; Philosophical Quarterly; Vol. 68, iss. 272

書誌詳細
Parent link:Philosophical Quarterly
Vol. 68, iss. 272.— 2018.— [P. 632-634]
第一著者: Fell E. V. Elena Vladimirovna
団体著者: Национальный исследовательский Томский политехнический университет Школа базовой инженерной подготовки Отделение социально-гуманитарных наук
その他の著者: Lukianova N. A. Natalia Aleksandrovna
要約:Title screen
Режим доступа: по договору с организацией-держателем ресурса
言語:英語
出版事項: 2018
主題:
オンライン・アクセス:https://doi.org/10.1093/pq/pqx061
フォーマット: 電子媒体 図書の章
KOHA link:https://koha.lib.tpu.ru/cgi-bin/koha/opac-detail.pl?biblionumber=658929

MARC

LEADER 00000naa0a2200000 4500
001 658929
005 20250228164303.0
035 |a (RuTPU)RU\TPU\network\27188 
090 |a 658929 
100 |a 20181217d2018 k||y0rusy50 ba 
101 0 |a eng 
135 |a drcn ---uucaa 
181 0 |a i  
182 0 |a b 
200 1 |a Arts of Living on a Damaged Planet: Ghosts and Monsters of the Anthropocene  |e Book Review  |f E. V. Fell, N. A. Lukianova 
203 |a Text  |c electronic 
300 |a Title screen 
333 |a Режим доступа: по договору с организацией-держателем ресурса 
461 1 |t Philosophical Quarterly 
463 1 |t Vol. 68, iss. 272  |v [P. 632-634]  |d 2018 
610 1 |a электронный ресурс 
610 1 |a труды учёных ТПУ 
610 1 |a философия 
610 1 |a дискуссии 
610 1 |a рецензии 
610 1 |a антропоцентризм 
610 1 |a Земля 
610 1 |a цивилизации 
700 1 |a Fell  |b E. V.  |c specialist in the field of law  |c Associate Professor of Tomsk Polytechnic University  |f 1975-  |g Elena Vladimirovna  |3 (RuTPU)RU\TPU\pers\33614 
701 1 |a Lukianova  |b N. A.  |c specialist in the field of psychology and law  |c Professor of Tomsk Polytechnic University, Doctor of philosophy sciences  |f 1971-  |g Natalia Aleksandrovna  |3 (RuTPU)RU\TPU\pers\33131  |9 16952 
712 0 2 |a Национальный исследовательский Томский политехнический университет  |b Школа базовой инженерной подготовки  |b Отделение социально-гуманитарных наук  |3 (RuTPU)RU\TPU\col\23512 
801 2 |a RU  |b 63413507  |c 20181217  |g RCR 
856 4 |u https://doi.org/10.1093/pq/pqx061 
942 |c CF